| 000 | 00384nam a2200145Ia 4500 | ||
|---|---|---|---|
| 008 | 130318s9999 xx 000 0 und d | ||
| 020 | _a8173660468 | ||
| 082 | _a006.76A POW/D | ||
| 100 | _aPowers, Shelly | ||
| 245 | _aDeveloping ASP components | ||
| 260 |
_bOreilly/Shroff Publishers and Distributors _aMumbai _c1999 |
||
| 300 | _a490 | ||
| 650 | _aACTIVE SERVER PAGES | ||
| 650 | _aASP | ||
| 999 |
_c123 _d123 |
||